| 000 | 00507 a2200157 4500 | ||
|---|---|---|---|
| 999 |
_c7521 _d7521 |
||
| 020 | _a0750666455 | ||
| 050 | _aHF5415 OLD 2005 | ||
| 100 |
_aOldroyd, Mike _eauthor |
||
| 110 | _aThe Chartered Institute of Marketing | ||
| 245 |
_aMarketing environment 2005-2006 / _cMike Oldroyd |
||
| 264 |
_aAmsterdam : _bElsevier/ Butterworth Heinemann, _c2005. |
||
| 300 |
_a342p. : _bill. |
||
| 500 | _aIncludes bibliographical references and index | ||
| 650 | _aMarketing---Environment | ||
| 942 |
_2lcc _cBK _h5415 _iOLD _kHF |
||